000 00320nam a22001337a 4500
008 170407b xxu||||| |||| 00| 0 eng d
020 _a9780631145271
041 _aeng
080 _a616
100 _a9
101 _ashm
245 _aLANGUAGE AND THOUGHT IN NORMAL AND HANDICAPPED
_cCRONER.R.F
942 _2udc
_cBK
999 _c10261
_d10261